Saikaku zasso / (Record no. 34869)

MARC details
000 -LEADER
fixed length control field 00913cam a2200253 a 4500
001 - CONTROL NUMBER
control field j 58006103
003 - CONTROL NUMBER IDENTIFIER
control field DLC
005 - DATE AND TIME OF LATEST TRANSACTION
control field 20260227111518.0
008 - FIXED-LENGTH DATA ELEMENTS--GENERAL INFORMATION
fixed length control field 031029s1937 ja a 000 0 jpn
010 ## - LIBRARY OF CONGRESS CONTROL NUMBER
LC control number j 58006103
035 ## - SYSTEM CONTROL NUMBER
System control number (CStRLIN)DCLP03-B16162
040 ## - CATALOGING SOURCE
Original cataloging agency DLC
Transcribing agency DLC-R
Modifying agency DLC-R
-- DLC
050 00 - LIBRARY OF CONGRESS CALL NUMBER
Classification number PL794.Z5
Item number T32
066 ## - CHARACTER SETS PRESENT
Alternate G0 or G1 character set $1
100 1# - MAIN ENTRY--PERSONAL NAME
Linkage 880-01
Personal name Takita, Teiji,
Dates associated with a name 1901-1946.
245 10 - TITLE STATEMENT
Linkage 880-02
Title Saikaku zasso /
Statement of responsibility, etc. Takita Teiji cho.
260 ## - PUBLICATION, DISTRIBUTION, ETC.
Linkage 880-03
Place of publication, distribution, etc. Tōkyō :
Name of publisher, distributor, etc. Ganshōdō Shoten,
Date of publication, distribution, etc. Shōwa 12 [1937]
300 ## - PHYSICAL DESCRIPTION
Extent 2, 6, 278 p. :
Other physical details ill. ;
Dimensions 22 cm.
600 10 - SUBJECT ADDED ENTRY--PERSONAL NAME
Linkage 880-04
Personal name Ihara, Saikaku,
Dates associated with a name 1642-1693
General subdivision Criticism and interpretation.
880 1# - ALTERNATE GRAPHIC REPRESENTATION
Linkage 100-01/$1
a 瀧田貞治,
d 1901-1946.
880 10 - ALTERNATE GRAPHIC REPRESENTATION
Linkage 245-02/$1
a 西鶴襍爼 /
c 瀧田貞治著.
880 ## - ALTERNATE GRAPHIC REPRESENTATION
Linkage 260-03/$1
a 東京 :
b 巖松堂書店,
c 昭和 12 [1937]
880 14 - ALTERNATE GRAPHIC REPRESENTATION
Linkage 600-04/$1
a 井原西鶴,
d 1642-1693
x Criticism and interpretation.

No items available.

Powered by Koha